El rol de la acción individual en la dialéctica institucional de Cornelius Castoriadis /
Guardado en:
| Hovedforfatter: | |
|---|---|
| Format: | Texto |
| Tags: |
Tilføj Tag
Ingen Tags, Vær først til at tagge denne postø!
|
MARC
| LEADER | 00000 a a2200000 04500 | ||
|---|---|---|---|
| 001 | 48618 | ||
| 003 | |||
| 040 | |||
| 100 | |a Aldegani, Emiliano | ||
| 245 | |a El rol de la acción individual en la dialéctica institucional de Cornelius Castoriadis / |c Emiliano Aldegani | ||
| 773 | |g volumen54, número138, (2015), páginas 11-24 | ||
| 999 | |c 31992 |d 31992 | ||
